000 00629nam a2200253Ia 4500
001 533
005 20240113233418.0
007 ta
008 050119s1964 a g b000 u eng u
020 _cHB
040 _aCotton College,Assam
041 _aeng
082 _a150
_bWi 694 Mi
100 _aWilson, John Rowan .
245 0 _aThe Mind /
_cJohn Rowan Wilson.
_hTextual Documents
250 _a1st ed /
260 _aNew York :
_bTime incorporated ,
_cc1964.
300 _a200p. :
_bill ;
_c27cm .
653 _aPsychology
653 _aMind
942 _2ddc
_cBK
999 _c531
_d531